LIBRARY & INFORMATION CENTRE, KCAET, TAVANUR

ONLINE PUBLIC ACCESS CATALOGUE (OPAC)

Thematic cartography and remote sensing / (Record no. 13152)

MARC details
000 -LEADER
fixed length control field 00384cam a2200145ua 4500
003 - CONTROL NUMBER IDENTIFIER
control field OSt
008 - FIXED-LENGTH DATA ELEMENTS--GENERAL INFORMATION
fixed length control field 250101b |||||||| |||| 00| 0 eng d
041 ## - LANGUAGE CODE
Language code of text/sound track or separate title eng
082 ## - DEWEY DECIMAL CLASSIFICATION NUMBER
Classification number 621.367
Item number NAG/TH
100 ## - MAIN ENTRY--AUTHOR NAME
Personal name Nag, Pritvish .
245 00 - TITLE STATEMENT
Title Thematic cartography and remote sensing /
260 ## - PUBLICATION, DISTRIBUTION, ETC. (IMPRINT)
Place of publication New Delhi :
Name of publisher Concept Publishing Company ,
Year of publication 2002.
300 ## - PHYSICAL DESCRIPTION
Number of Pages 268 ; .
942 ## - ADDED ENTRY ELEMENTS (KOHA)
Koha item type Books
Holdings
Withdrawn status Lost status Damaged status Home library Current library Date acquired Full call number Accession Number Koha item type
      KAUAET KAUAET 07/04/2012 621.367 NAG/TH 21472 Books
free website counter